Hints on Advocacy: (Record no. 613037)
[ view plain ]
| 000 -LEADER | |
|---|---|
| fixed length control field | 00379nam a22001337a 4500 |
| 082 ## - DEWEY DECIMAL CLASSIFICATION NUMBER | |
| Classification number | 340 |
| Author Mark | HAR |
| 100 ## - MAIN ENTRY--PERSONAL NAME | |
| Personal name | Harris Richard |
| 245 ## - TITLE STATEMENT | |
| Title | Hints on Advocacy: |
| Remainder of title | Conduct of cases Civil and Criminal/ |
| Statement of responsibility, etc. | Richard Harris |
| 250 ## - EDITION STATEMENT | |
| Edition statement | (Golden Edition,2022) |
| 260 ## - PUBLICATION, DISTRIBUTION, ETC. | |
| Place of publication, distribution, etc. | Lahore, |
| Name of publisher, distributor, etc. | Law & Justice Book House |
| 300 ## - PHYSICAL DESCRIPTION | |
| Extent | 218,p; |
| Dimensions | 24,cm |
| 650 ## - SUBJECT ADDED ENTRY--TOPICAL TERM | |
| Topical term or geographic name entry element | Law |
| 942 ## - ADDED ENTRY ELEMENTS (KOHA) | |
| Source of classification or shelving scheme | |
| Koha item type | Book |
| 650 ## - SUBJECT ADDED ENTRY--TOPICAL TERM | |
| -- | 35302 |
| Withdrawn status | Lost status | Source of classification or shelving scheme | Damaged status | Not for loan | Permanent Location | Current Location | Date acquired | Total Checkouts | Full call number | Barcode | Date last seen | Price effective from | Koha item type | Source of acquisition |
|---|---|---|---|---|---|---|---|---|---|---|---|---|---|---|
| NUST Law School (NLS) | NUST Law School (NLS) | 02/28/2025 | 340 HAR | NLS-228 | 02/28/2025 | 02/28/2025 | Book | |||||||
| NUST Law School (NLS) | NUST Law School (NLS) | 02/28/2025 | 340 HAR | NLS-229 | 02/28/2025 | 02/28/2025 | Book | |||||||
| NUST Law School (NLS) | NUST Law School (NLS) | 02/28/2025 | 340 HAR | NLS-230 | 02/28/2025 | 02/28/2025 | Book | |||||||
| NUST Law School (NLS) | NUST Law School (NLS) | 05/12/2025 | 340 HAR | NLSD-29 | 05/12/2025 | 05/12/2025 | Book | |||||||
| NUST Law School (NLS) | NUST Law School (NLS) | 06/26/2025 | 340 HAR | NLS-2113 | 06/26/2025 | 06/26/2025 | Book | Pakistan Law House | ||||||
| NUST Law School (NLS) | NUST Law School (NLS) | 06/26/2025 | 340 HAR | NLS-2114 | 06/26/2025 | 06/26/2025 | Book | Pakistan Law House | ||||||
| NUST Law School (NLS) | NUST Law School (NLS) | 06/26/2025 | 340 HAR | NLS-2115 | 06/26/2025 | 06/26/2025 | Book | Pakistan Law House |
